Books - Author is Dead - Statistics

General Stats
  • This quiz has been taken 51 times
  • The average score is 10 of 17
Answers on the Grid
Answers color-coded by a green-red scale on the quiz's grid according to % correct below.
Pride and Prejudice
Fahrenheit 451
Brave New World
Harry Potter
The Hobbit
The Ballad of Songbirds and Snakes
It
It Ends With Us
Frankenstein
The Brothers Karamazov
The Song of Achilles
To Kill a Mockingbird
Crime and Punishment
The Haunting of Hill House
Gone Girl
Watership Down
Rosemary's Baby
The Fault in Our Stars
The Alchemist
Diary of a Wimpy Kid
The Bell Jar
Where the Crawdads Sing
And Then There Were None
The Winter's Tale
All the Light We Cannot See
Animal Farm
The Little Prince
The Maze Runner
Hard Times
The Book Thief
 
Answer Stats
Answer % Correct
Pride and Prejudice
93%
Frankenstein
85%
Animal Farm
81%
Fahrenheit 451
81%
The Hobbit
81%
Crime and Punishment
78%
To Kill a Mockingbird
67%
Brave New World
63%
The Brothers Karamazov
59%
The Little Prince
59%
The Bell Jar
52%
Hard Times
44%
Watership Down
33%
And Then There Were None
30%
The Winter's Tale
30%
Rosemary's Baby
26%
The Haunting of Hill House
15%
No matching quizzes found
Score Distribution
Percent of People with Each Score
Percentile by Number Answered
Your Score History
You have not taken this quiz